Quizzes
Events
Quiz Creation
Community
Videos
Private Events
Remove Ads
Sign In
Join for FREE
Feedback
Dark Mode
Quiz Categories
Sports
Geography
Music
Movies
Television
Just For Fun
Miscellaneous
History
Literature
Language
Science
Gaming
Entertainment
Religion
Holiday
For Kids
Quiz Lab
Recent
Popular Today
Quiz Kudos Today
Editor Picks
Curator Picks
Quizzes by...
Day
Popularity
Type
Ratings
Length
Year
Community
Subscriptions
Recent Discussions
Orange Saloon
Badges
Playlists
Quests
Create
Leaderboards
Showdown
Live 5
Trivia Bingo
Activity
Puzzle Library
Sporcle Events
Private Events
Virtual Trivia
Globe League
Become a Host
Pub Owners
SporcleCon
Opinionation
Our Games
Videos
Blog
Mobile Apps
Partnerships
Remove Ads and Go Orange
Feedback
Geography
Country
Landmarks
City
State
Population
World
Capital
Continent
Flags
Europe
Africa
Asia
South America
North America
Oceania
Border
Canada
United Kingdom
Topography
United States
Geography
Country
Landmarks
City
State
Population
World
Capital
Continent
Flags
Europe
Africa
Asia
South America
North America
Oceania
Border
Canada
United Kingdom
Topography
United States
Random Quiz
Search Sporcle
×
Quiz Lab
Quiz Lab
Geography
United States
Click on regions of an image
Click on regions of an image
Picture Click
Best Score? Go Orange.
Hidden Metros of Kentucky Stats
Can you identify each Metropolitan Statistical Area (MSA) in Kentucky by clicking on the correct location in the map below?
By
Acntx
2m
9 Questions
1,610 Plays
1,610 Plays
1,610 Plays
Comments
Comments
Give Quiz Kudos
Give Quiz Kudos
-
- Ratings
hide this ad
More Info
Forced Order
Answers have to be entered in order
Answers have to be entered in order
Replay
Link that replays current quiz
Next Quiz
Link to next quiz in quiz playlist
You Got
0%
They Got
Avg Score
88%
Avg Friend Score
Upgrade to see
Score Distribution
Jump to the score distribution portion of the page
Score
0/9
Timer
02:00
0
Plays Today
% Correct
Cincinnati
96.1%
Huntington-
Ashland
93.5%
Lexington-Fayette
93%
Louisville|
Jefferson County
92.5%
Clarksville
86.5%
Bowling Green
86%
Elizabethtown-
Fort Knox
83.6%
Evansville
81.5%
Owensboro
79.8%
Quiz Playlist
Details
Report
Send in Message
Add To Playlist
More Info:
There are 9 Metropolitan Statistical Areas (MSA) located fully or partially in the commonwealth of Kentucky.
September 2018 U.S. Office of Management and Budget (OMB) metropolitan area definitions were used to create this quiz.
A note regarding the status of my 2016 Hidden Metros series is posted in the comments section.
Picture Click:
Click on regions of an image
Forced Order:
Answers have to be entered in order
Quiz Source
Last Updated: Jul 14, 2019
Quiz Scoreboard
CHALLENGE
Sign Up to Join the Scoreboard
Show All
Scores
Hide
Comments
May contain spoilers
Recently Published
9x9 Crossword: Cartoon Network
by jackfrog10
Miscellaneous
3m
College Basketball Coaching Resumes
by pancakes188
Sports
9m
Billboard Blitz: Fleetwood Mac
by CooCooCachoo
Music
15s
More to Explore
Quiz From the Vault
Featured Blog Post
Where Did the Easter Bunny Come From?
hide this ad
You Might Also Like...
Tags
Clickable Quiz
United States Quiz
Areas Metros
hidden
Kentucky
Kentucky County
metro
metropolitan
msa
Picture Click
US Metropolitan
US Metros
Today's Top Quizzes in Geography
Browse Geography
hide this ad
Today's Top Quizzes in United States
Browse United States
Top Contributed Quizzes in Geography
1
Countries of the World - No Outlines Minefield
2
Top 25 Cities of France on a map
3
Any capital of a 'B' country per Continent
4
Any capital of a 'C' country per Continent
5
Closest Countries to UK A-Z
6
Any capital of a 'D' country per Continent
7
5-to-1: US Geography No Hints
8
Any capital of an 'E' country per Continent
9
Any capital of an 'F' country per Continent
10
One Thing in Common: United Kingdom
Explore More
Trending Topics
Crossword
Anime
NBA
Disney
Marvel
Kpop
Harry Potter
The Office
WWE
Country
Soccer
NFL
Pokémon
Puzzle
Song
hide this ad
More By:
Acntx
Quiz
Plays
Rating
Category
Featured
Created
Fill the Hex Map: NBA Teams
99,248
4.52
Sports
Nov 3, 2019
US States with National Parks
81,883
4.53
Geography
Apr 20, 2016
Fill the Hex Map: NFL Teams
81,016
4.66
Sports
Oct 28, 2019
Fill the Hex Map: MLB Teams
53,927
4.60
Sports
Oct 30, 2019
Fill the Hex Map: NHL Teams
46,917
4.72
Sports
Nov 5, 2019
Go to Creator's Profile
Score Distribution
Quiz Creator Spotlight
Acntx
Follow
Send a Message
Quizzes Created
-
Created Quiz Play Count
-
More By This Creator
Popular Quizzes Today
1
Find the US States - No Outlines Minefield
2
Find the Countries of Europe - No Outlines Minefield
3
The Countries of the World
4
Find the US States
5
Risky Map Clicking: Biggest States A-Z
6
US States
7
Popular People in 1961
8
Movies - When Are They Set?
More Geography Quizzes
Shared Lakes
Published
Trending Quizzes
Risky Map Clicking: Least Populous States A-Z
1-10 Letter G Words
1-10 Letter F Words
Risky Map Clicking: Next State Alphabetically
Adjectives in 80s TV Shows
Recently Updated
Leaping Animals
pecheneg
Reality TV Shows (A-Z)
bhenderson79
Rickey Henderson's Hall of Fame Teammates
pecheneg
Champions League XIs: Arsenal
pecheneg
Quick Pick: Celebrities in WWE's Hall of Fame
aduchscher
A-Z Keypad Blitz II
pecheneg
Multiple Oscar Actors
pecheneg
Mystery Phrase Blitz: Oscar 'Best Actors'
pecheneg
F. Scott Fitzgerald Novels
LTH
Pick 3 Villains
ddd62291
Trending Topics
Harry Potter
Kpop
NBA
Crossword
Marvel
Disney
Anime
Country
Puzzle
Soccer
WWE
Song
NFL
Pokémon
The Office
Your Account Isn't Verified!
In order to create a playlist on Sporcle, you need to verify the email address you used during registration. Go to your
Sporcle Settings
to finish the process.
Report this User
Report this user for behavior that violates our
Community Guidelines
.
Details:
Send Report
Go to the Sporcle.com Mobile Site →
Comments